|
|
|
|
| LEADER |
00000nam a2200000 a 4500 |
| 001 |
vtls011568999 |
| 003 |
SK-MaSNL |
| 005 |
20260425233235.0 |
| 008 |
160722s2016 xo o j 000 0 slo |
| 015 |
|
|
|a SNBE2017
|
| 020 |
|
|
|a (brož.)
|
| 040 |
|
|
|a SNK
|b slo
|c SNK
|e AACR2
|
| 041 |
0 |
|
|a slo
|
| 043 |
|
|
|a e-xo---
|
| 044 |
|
|
|a xo
|c SK
|
| 072 |
|
7 |
|a 792
|x Divadlo. Divadelné predstavenia
|2 konspekt
|
| 080 |
|
|
|a 792.079
|2 2001
|
| 080 |
|
|
|a 792.05-053.2
|2 2001
|
| 080 |
|
|
|a (437.6)
|2 2001
|
| 080 |
|
|
|a (083.97)
|2 2001
|
| 111 |
2 |
|
|a Dotyky a spojenia
|n (12. :
|d 2016 :
|c Martin, Slovensko)
|9 490929
|
| 245 |
1 |
0 |
|a Dotyky a spojenia
|b divadelný festival : 12 ročník : program pre deti
|c zostavili: Lenka Dzadíková, Monika Michnová
|
| 260 |
|
|
|a Martin
|b Slovenské komorné divadlo
|c [2016]
|
| 300 |
|
|
|a 1 zlož. list ([10] s.)
|b fotogr.
|c 10 x 21 cm
|
| 650 |
0 |
7 |
|a divadlá pre deti
|2 SNKPH
|9 3343
|
| 650 |
0 |
7 |
|a divadelné festivaly a prehliadky
|2 SNKPH
|9 3350
|
| 650 |
0 |
7 |
|a Theater festivals
|2 SNKPHeng
|9 266164
|
| 650 |
0 |
7 |
|a Theaters for children
|2 SNKPHeng
|9 490930
|
| 651 |
|
7 |
|a Martin (Slovensko)
|2 SNKPH
|9 16875
|
| 651 |
|
7 |
|a Martin (Slovakia)
|2 SNKPHeng
|9 266720
|
| 655 |
|
7 |
|a divadelné programy
|2 SNKPH
|9 70302
|
| 655 |
|
7 |
|a Playbills
|2 SNKPHeng
|9 331915
|
| 700 |
1 |
|
|a Dzadíková, Lenka,
|d 1985-
|4 com
|9 186063
|
| 700 |
1 |
|
|a Michnová, Monika,
|d 1975-
|4 com
|9 250269
|
| 999 |
|
|
|c 760521
|d 762451
|
| 952 |
|
|
|a SNK
|b SNK
|y PREZ
|7 0
|p 17A1199576
|o snkOSC 27595
|i snk2016/17634
|8 0
|0 0
|1 0
|4 0
|d 2016-07-22
|l 0
|r 2026-02-24 00:02:47
|w 2026-02-24
|